| 000 | 01296nam a2200325Ia 4500 | ||
|---|---|---|---|
| 008 | 240729s9999 xx 000 0 und d | ||
| 022 | _a2519-4313 | ||
| 245 | 0 | _aLaw Journal of the National Academy of Internal Affairs | |
| 260 | _aUkraine | ||
| 260 | _bNational Academy of Internal Affairs | ||
| 650 | _a Civil law | Law | ||
| 650 | _a Comparative law. International uniform law | ||
| 650 | _a Comparative law. International uniform law | ||
| 650 | _a Comparative law. International uniform law | ||
| 650 | _a Criminal law and procedure | Law | ||
| 650 | _a Jurisprudence. Philosophy and theory of law | Law | ||
| 650 | _a Law in general. Comparative and uniform law. Jurisprudence | ||
| 650 | _a Law in general. Comparative and uniform law. Jurisprudence | ||
| 650 | _a Law in general. Comparative and uniform law. Jurisprudence | ||
| 650 | _a Law in general. Comparative and uniform law. Jurisprudence | ||
| 650 | _a Law in general. Comparative and uniform law. Jurisprudence | ||
| 650 | _a Law of Europe | Law | ||
| 650 | _a Law of nations | ||
| 650 | _a Private international law. Conflict of laws | Law | ||
| 650 | _a Public law | Law | ||
| 650 | _aLaw | ||
| 856 | _uhttps://doaj.org/toc/654d093bc0da4fa2b660b356723b8fc4 | ||
| 942 | _2ddc | ||
| 942 | _cDOAJEJ | ||
| 999 |
_c67890 _d67890 |
||
| 945 |
_a1 _bMadushi Gamage _c1 _dMadushi Gamage |
||